000 00761nam a2200253Ia 4500
003 OSt
005 20220926005425.0
006 a|||||r|||| 00| 0
007 ta
008 220923b |||||||| |||| 00| 0 eng d
037 _cGeneral Book
040 _aRTL
_cRTL
_beng
041 _2eng
_aeng
082 _aG:55:(B), M3
100 _aSinha D K Ed.
_9310278
245 0 _aStudies in environmental mathematics
_b Perspective
260 _a New Delhi
_bSouth Asian Publishers India
_c1983
300 _axii,150p.
_ccm.
490 _aMathematics Of Mathematical Sciences Series
650 _aBiology
_97
700 _a Misra A Ed.
_9310279
942 _hG:55:(B), M3
_cGB
_2CC
999 _c613799
_d613799